Chińskie znaki zodiaku - Statystyki

Ogólne statystyki
  • Ten quiz został rozwiązany 1 710 razy
  • Średni wynik to 7 z 12
Statystyki odpowiedzi
Zwierzęta % Poprawnych
Smok
84%
Pies
77%
Świnia
69%
Tygrys
69%
Wąż
69%
Szczur
62%
Koń
57%
Małpa
55%
Kogut
43%
Królik
42%
Wół
35%
Koza
34%
Nie znaleziono quizów pasujących do podanych kryteriów
Rozkład punktacji
Procent ludzi z każdym wynikiem
Percentyl według liczby udzielonych odpowiedzi
Twoja historia wyników
Nie rozwiązałeś tego quizu